| 000 | 00339nam a22001217a 4500 | ||
|---|---|---|---|
| 008 | 230626b xxu||||| |||| 00| 0 eng d | ||
| 020 | _a0749416076 | ||
| 082 |
_25 _a330.9 _bWAL 1996 |
||
| 245 | _aWorld Business & Economic Review 1996 | ||
| 260 |
_aLondon _bKogan Page and Walden Publishing Ltd _c1996 |
||
| 300 | _aXXII,925p | ||
| 942 |
_2ddc _cBK |
||
| 999 |
_c2649 _d2649 |
||